| 000 -Cabeçalho |
| Cabeçalho |
00386nam 22001573 4500 |
| 001 - Identificador do registo |
| Identificador do registo |
32603 |
| 010 ## - Número Internacional Normalizado dos livros (ISBN) |
| Número Internacional Normalizado - ISBN |
0-87872-218-1 |
| 090 ## - Número de controle KOHA |
| Número biblioitem KOHA |
32603 |
| 100 ## - Dados gerais de processamento |
| Dados gerais de processamento |
20260318d u||y0pory50 ba |
| 101 ## - Língua da publicação |
| Língua do texto, banda sonora, etc. |
Inglês |
| 200 ## - Título e menção de responsabilidade |
| Título próprio |
Time Series and Forecasting |
| Primeira menção de responsabilidade |
Bruce L. Bowerman |
| Outras menções de responsabilidade |
Richard T. O'Connell |
| 215 ## - Descrição física |
| Tipo do material e extensão do item |
205 p. |
| Dimensões |
23 cm |
| 317 ## - Nota de proveniência |
| Instituição e exemplar a que o campo se aplica |
IM |
| 606 ## - Nome comum usado como assunto |
| Subdivisão de assunto |
Previsão Numérica |
| ID Autoridade |
23786 |
| 801 ## - Fonte de origem |
| Regras de catalogação |
ISBD |
| 942 ## - Informação adicional KOHA |
| Inibição de acesso no OPAC |
Não |